Siła wolnego słowa

Titel: Siła wolnego słowa : 4 czerwca 1989 - 4 czerwca 2009 : ludzie, drukarnie, wydawnictwa, drugi obieg, "Solidarność", stan wojenny / Numer zredagowany przez Małgorzata Choma-Jusińska, Anna Kiszka (redakcja, ilustracje)
Beteiligt: ;
Veröffentlicht: Lublin : Ośrodek Brama Grodzka - Teatr NN i Stowarzyszenie "Brama Grodzka", 2009
Umfang: 303 S. : Ill.
Format: Buch
Sprache: Polnisch
Schriftenreihe/
mehrbändiges Werk:
Lublin - drogi do wolności / [red. Marcin Skrzypek ...] ; 1
alle Bände anzeigen
Scriptores : pamie̜ć, miejsce, obecność; laboratorium pamic̜i - małe ojczyzny - spotkania kultur ; 16.2009,29 = Nr. 36
Schlagworte:
Kein Bild verfügbar
X
alg: 51116711
001A    $03004:30-08-23 
001B    $01999:14-11-25 $t09:56:43.000 
001D    $03004:30-08-23 
001U    $0utf8 
001X    $00 
002@    $0AFu 
002C    $aText $btxt $2rdacontent 
002D    $aohne Hilfsmittel zu benutzen $bn $2rdamedia 
002E    $aBand $bnc $2rdacarrier 
003@    $0511167113 
003O    $0837486384 $aOCoLC 
006C    $0837486384 $aOCoLC 
007A    $0618293213 $aGBV 
007G    $0DE0206E45D1BBFA4DE8EBC1258AFB003B0BC8 
007T    $0Herdkk00027604 
009P    $qapplication/pdf $A2 $3Inhaltsverzeichnis $uhttp://scans.hebis.de/HEBCGI/show.pl?51116711_toc.pdf $mV:DE-603;B:DE-Mb50 
009P    $qapplication/pdf $A2 $3Buch Bibliographie $uhttp://scans.hebis.de/HEBCGI/show.pl?51116711_bib.pdf $mV:DE-603;B:DE-Mb50 
009P    $qapplication/pdf $A2 $3Cover $uhttp://scans.hebis.de/HEBCGI/show.pl?51116711_cov.pdf $mV:DE-603;B:DE-Mb50 
010@    $apol 
011@    $a2009 $n2009 
021A    $aSiła wolnego słowa $d4 czerwca 1989 - 4 czerwca 2009 : ludzie, drukarnie, wydawnictwa, drugi obieg, "Solidarność", stan wojenny $hNumer zredagowany przez Małgorzata Choma-Jusińska, Anna Kiszka (redakcja, ilustracje) 
028C    $BHerausgeber $#Choma, Małgorzata $#Jusińska, Małgorzata Choma- $4edt $71271307995 $8Choma-Jusińska, Małgorzata$Z1975- [Tp3] $950079197X 
028C    $BHerausgeber $4edt $4Illustrator $4ill $71024523683 $8Kiszka, Anna [Tp3] $9305926160 
033A    $pLublin $nOśrodek Brama Grodzka - Teatr NN i Stowarzyszenie "Brama Grodzka" 
034D    $a303 S. 
034M    $aIll. 
036C    $aLublin - drogi do wolności $x11 $h[red. Marcin Skrzypek ...] $l1 
036D    $x11 $8Lublin - drogi do wolności / [red. Marcin Skrzypek ...] $9511167040 
036E    $aScriptores : pamie̜ć, miejsce, obecność; laboratorium pamic̜i - małe ojczyzny - spotkania kultur $l16.2009,29 = Nr. 36 
044K    $RPolen-Litauen $RKongresspolen $RWestgalizien $RStaat Krakau $#Generalgouvernement Polen $#Polska $#Rzeczpospolita Polska $#Polska Rzeczpospolita Ludowa $#Poland $#Pologne $#République Polonaise $#Generalne Gubernatorstwo w Polsce $#Polish People's Republic $#Polska Rzeczpospolita Polen $#PRL $#RP $#Polen Generalgouvernement $#Polska Generalgouvernement $#Besetzte Polnische Gebiete $#Besetztes Gebiet in Polen $#Okupowane Polskie Obszary $#Obszary Okupowane w Polsce $#Volksrepublik Polen $#Polska Rosyjska $#Republic Polen $#Respublika Pol'ša $#Pol'skaja Narodnaja Respublika $#République de Pologne $#Polen Links der Weichsel $#Polska po Lewej Stronie Wisły $#Lenkija $#Polija $#Gubernija Carstva Pol'skago $#Republik Polen $74046496-9 $8Polen [Tg1] $9085129801 
044K    $RMedienfreiheit $#Freedom of the press $#Liberté de la presse $#Libertà di stampa $#Libertad de prensa $#Pressefreiheit $#Pressefreiheit $#Presse Freiheit $74047160-3 $8Pressefreiheit [Ts1] $9085131571 
044K    $RBuchhandel $RVerleger $#Publishers and publishing $#Édition $#Editoria $#Verlagswesen $#Buchverlag $#Verlag $#Verlag/Verlagswesen $#Verlage $#Buchverlag $#Verlagsbuchhandlung $#Verlagswesen $#Verlagsbuchhandel $74063004-3 $8Verlag [Ts1] $9085176273 
045F    $a070.9 $eDDC23BSB 
045F/01 $a070.9 
045F/03 $f09047 
045F/03 $f09048 
045F/03 $g438 
045G    $a909 $eDDC23BSB 
045G/01 $a909 
045G/03 $f09047 
045G/03 $f09048 
045G/03 $g438 
045R    $aGeschichte 1976-1989 

lok: 51116711 24

exp: 51116711 24 1 #EPN
201B/01 $031-01-24 $t14:26:35.000 
201C/01 $030-08-23 
201U/01 $0utf8 
203@/01 $01242317147 
208@/01 $a30-08-23 $bz 
209A/01 $a24.00243 $du $f050 $h24 00243 $x00 
209C/01 $a24.00243 T $h24 00243 T 
209G/01 $a74740529 $x00 
220C/01 $ajwa 
247C/01 $8358050-7 Marburg, Bibliothek des Herder-Instituts Marburg $9102600961 

lok: 51116711 78

exp: 51116711 78 1 #EPN
201B/01 $028-02-24 $t13:22:44.000 
201C/01 $028-02-24 
201U/01 $0utf8 
203@/01 $01257012789 
208@/01 $a28-02-24 $be 
209A/01 $a/ $f000 $x00 
209A/01 $ab*p $x01 
220C/01 $aeja 
220C/01 $aTitelaufnehmer: pbb 
220C/01 $aHerkunft: PBB/IH PAN 
220C/01 $aAnmerkung: *uA 
244Z/01 $2Trx $#Poola $#Lenkija $#Polija $#Polen Land $#Poland $#Lengyelország $#Poľsko $#Polsko $8--Trx--Polska$gkraj $x01 $9391345966 
244Z/01 $#Lublin $#Ljublin $#Lublin, Urza̜d Miejski $#Urza̜d Miejski Lublin $74036418-5 $8--Tg1--Lublin $x02 $908509868X 
244Z/01 $2Trx $#dzieło zbiorowe $8--Trx--Sammelwerk $x03 $9391384597 
245Z/01 $a03.04.04 $x01 
247C/01 $82080>Marburg/Lahn, Herder-Institut, Forschungsbibliothek, Bibliographieportal $9336309341
LEADER 00000cam a2200000 cb4500
001 511167113
003 DE-603
005 20251114095643.0
007 tu
008 230830s2009 xx |||| | u00||u|pol c
035 |a (DE-599)GBV618293213 
035 |a (OCoLC)837486384 
040 |a DE-603  |b ger  |c DE-603  |d DE-603 
041 |a pol 
082 0 4 |8 1\u  |a 070.9  |q DE-101  |2 23/BSB 
083 0 |8 2\u  |a 909  |q DE-101  |2 23/BSB 
085 |8 1\u  |b 070.9 
085 |8 1\u  |z 1  |s 09047 
085 |8 1\u  |z 1  |s 09048 
085 |8 1\u  |z 2  |s 438 
085 |8 2\u  |b 909 
085 |8 2\u  |z 1  |s 09047 
085 |8 2\u  |z 1  |s 09048 
085 |8 2\u  |z 2  |s 438 
245 0 0 |a Siła wolnego słowa  |b 4 czerwca 1989 - 4 czerwca 2009 : ludzie, drukarnie, wydawnictwa, drugi obieg, "Solidarność", stan wojenny  |c Numer zredagowany przez Małgorzata Choma-Jusińska, Anna Kiszka (redakcja, ilustracje) 
264 1 |a Lublin  |b Ośrodek Brama Grodzka - Teatr NN i Stowarzyszenie "Brama Grodzka"  |c 2009 
300 |a 303 S.  |b Ill. 
336 |a Text  |b txt  |2 rdacontent 
337 |a ohne Hilfsmittel zu benutzen  |b n  |2 rdamedia 
338 |a Band  |b nc  |2 rdacarrier 
490 0 |a Scriptores : pamie̜ć, miejsce, obecność; laboratorium pamic̜i - małe ojczyzny - spotkania kultur  |v 16.2009,29 = Nr. 36 
490 1 |a Lublin - drogi do wolności / [red. Marcin Skrzypek ...]  |v 1 
648 7 |a Geschichte 1976-1989  |2 gnd 
650 7 |a Pressefreiheit  |0 (DE-588)4047160-3  |0 (DE-603)085131571  |2 gnd 
650 7 |a Verlag  |0 (DE-588)4063004-3  |0 (DE-603)085176273  |2 gnd 
651 7 |a Polen  |0 (DE-588)4046496-9  |0 (DE-603)085129801  |2 gnd 
700 1 |a Choma-Jusińska, Małgorzata  |d 1975-  |e Herausgeber  |4 edt  |0 (DE-603)50079197X  |0 (DE-588)1271307995  |2 gnd 
700 1 |a Kiszka, Anna  |e Herausgeber  |4 edt  |e Illustrator  |4 ill  |0 (DE-603)305926160  |0 (DE-588)1024523683  |2 gnd 
830 0 |a Lublin - drogi do wolności  |v 1  |w (DE-603)511167040  |9 11  |7 am 
856 4 2 |m V:DE-603;B:DE-Mb50  |q application/pdf  |u http://scans.hebis.de/HEBCGI/show.pl?51116711_toc.pdf  |3 Inhaltsverzeichnis 
856 4 2 |m V:DE-603;B:DE-Mb50  |q application/pdf  |u http://scans.hebis.de/HEBCGI/show.pl?51116711_bib.pdf  |3 Buch Bibliographie 
856 4 2 |m V:DE-603;B:DE-Mb50  |q application/pdf  |u http://scans.hebis.de/HEBCGI/show.pl?51116711_cov.pdf  |3 Cover 
924 0 |9 Mb 50  |a (DE-603)1242317147  |b DE-Mb50  |c HES  |d c  |g 24.00243 
924 0 |9 2080  |a (DE-603)1257012789  |b DE-2080  |c HES  |d d  |g /